Salvation by surprise: (Record no. 5729)

000 -LEADER
fixed length control field 00691nam a2200193 a 4500
001 - CONTROL NUMBER
control field :::00003471$&:&@@
003 - CONTROL NUMBER IDENTIFIER
control field OkBaRHE
005 - DATE AND TIME OF LATEST TRANSACTION
control field 20000607103306.0
008 - FIXED-LENGTH DATA ELEMENTS--GENERAL INFORMATION
fixed length control field s1975 j 000 0 eng u
040 ## - CATALOGING SOURCE
Transcribing agency
100 1# - MAIN ENTRY--PERSONAL NAME
Personal name Palmer, Earl F.
245 10 - TITLE STATEMENT
Title Salvation by surprise:
Remainder of title studies in the Book of Romans.
260 ## - PUBLICATION, DISTRIBUTION, ETC. (IMPRINT)
Place of publication, distribution, etc Waco, TX., :
Name of publisher, distributor, etc Word Books
Date of publication, distribution, etc c1975
300 ## - PHYSICAL DESCRIPTION
Extent 198 p. : illus. ;
Dimensions 23 cm.
650 ## - SUBJECT ADDED ENTRY--TOPICAL TERM
Topical term or geographic name as entry element Bible New Testament Romans
General subdivision Commentaries
942 ## - ADDED ENTRY ELEMENTS (KOHA)
Source of classification or shelving scheme
Koha item type Books
Copies
Date acquired Damaged status Copy number Withdrawn status Permanent Location Price effective from Source of classification or shelving scheme Not for loan Full call number Date last seen Lost status Barcode Koha item type Shelving location
2010-04-14 1 RHEMA Bible Training College2010-04-14  BS 2665.3 .P342018-03-28 3471BooksGeneral Stacks
2010-04-14 2 RHEMA Bible Training College2010-04-14  BS 2665.3 .P342018-03-28 20437BooksGeneral Stacks